A Fine night for dying (Record no. 33997)
[ view plain ]
| 000 -LEADER | |
|---|---|
| fixed length control field | 00258nam a2200109Ia 4500 |
| 082 ## - DEWEY DECIMAL CLASSIFICATION NUMBER | |
| Classification number | 82-3 |
| Item number | HIG |
| 100 ## - MAIN ENTRY--AUTHOR NAME | |
| Personal name | Higgins, Jack |
| 245 #2 - TITLE STATEMENT | |
| Title | A Fine night for dying |
| 260 ## - PUBLICATION, DISTRIBUTION, ETC. (IMPRINT) | |
| Place of publication | London |
| Name of publisher | Arrow |
| Year of publication | 1978 |
| 942 ## - ADDED ENTRY ELEMENTS (KOHA) | |
| Koha item type | Books |
| Withdrawn status | Lost status | Damaged status | Not for loan | Home library | Current library | Date acquired | Cost, normal purchase price | Full call number | Accession Number | Koha item type |
|---|---|---|---|---|---|---|---|---|---|---|
| RRII Library | RRII Library | 16/12/2021 | 75.00 | 82-3 HIG | 14438 | Books |